Länder, die Jamaika am Nächsten Liegen - Sudden Death - Statistiken

Allgemein
  • Dieses Quiz wurde 38 mal gespielt
  • Das Durchschnittsergebnis liegt bei 5 aus 15
Answers on the Grid
Answers color-coded by a green-red scale on the quiz's grid according to % correct below.
Kuba
Haiti
Bahamas
Dominikanische Republik
Honduras
Nicaragua
Vereinigte Staaten
Kolumbien
Venezuela
Mexiko
Panama
Costa Rica
Belize
Guatemala
El Salvador
Kanada
Ecuador
Guyana
Surinam
Peru
Bolivien
Brasilien
Paraguay
Uruguay
St. Kitts und Nevis
Antigua und Barbuda
St. Lucia
Grenada
Mauretanien
Island
 
Antwortstatistiken
Antwort % Korrekt
Kuba
76%
Haiti
59%
Bahamas
53%
Dominikanische Republik
53%
Honduras
41%
Vereinigte Staaten
41%
El Salvador
35%
Mexiko
35%
Belize
29%
Costa Rica
29%
Panama
29%
Guatemala
24%
Nicaragua
24%
Kolumbien
12%
Venezuela
6%
Keine übereinstimmenden Quizze gefunden
Verteilung der Resultate
Anzahl Personen mit jedem Resultat
Perzentil nach korrekt beantworteten Fragen
Ihre Resultats-Entwicklung
Sie haben dieses Quiz noch nicht gespielt